000 01105nam a2200253 a 4500
001 000020377
005 20250307073710.0
008 101014s1939 ag 000 0 spa d
040 _aDO-SdBNP
_bspa
_cBNPHU
082 _axxxx
_bxxx
100 1 _aCarderón de la Barca, Pedro
_d1600-1681
_943040
245 1 3 _aLa vida es sueño; :
_bEl alcalde de Zalamea ; El mágico prodigioso /
_cPedro Carderón de la Barca ; publicadas bajo la dirección de Pedro Henríquez Ureña.
250 _a3a. ed.
260 _aBuenos Aires, Argentina :
_bEditorial Losada,
_c1939.
300 _a263 p. ;
_c22 cm.
490 1 _aLas cien obras maestras de la literatura y del pensamiento universal
_v13
505 0 _aLa vida es sueño --
_tEl alcalde de Zalamea --
_tEl mágico prodigioso
563 _aVarias obras encuadernadas juntas con paginación continuas
700 1 2 _aHenríquez Ureña, Pedro,
_d1884-1946
_ePublicación
_91718
740 2 _aEl alcalde de Zalamea
740 2 _aEl mágico prodigioso
830 0 _aLas cien obras maestras de la literatura y del pensamiento universal
_n13
_943041
049 _aBNPD
999 _c19881
_d19881